Multimedia in action + CD (Record no. 295008)

000 -LEADER
fixed length control field 00219 a2200109 4500
001 - CONTROL NUMBER
control field 59935
082 ## - DEWEY DECIMAL CLASSIFICATION NUMBER
Author Mark CD
090 ## - LOCALLY ASSIGNED LC-TYPE CALL NUMBER (OCLC); LOCAL CALL NUMBER (RLIN)
-- 36776
-- 36776
245 ## - TITLE STATEMENT
Title Multimedia in action + CD
260 ## - PUBLICATION, DISTRIBUTION, ETC.
Place of publication, distribution, etc. CA
Name of publisher, distributor, etc. wordsworth
Date of publication, distribution, etc. 1998
505 ## - FORMATTED CONTENTS NOTE
Formatted contents note CD/DVD
942 ## - ADDED ENTRY ELEMENTS (KOHA)
Institution code [OBSOLETE] NUST-CAE
Holdings
Withdrawn status Lost status Damaged status Not for loan Collection code Permanent Location Current Location Date acquired Total Checkouts Barcode Date last seen Price effective from Koha item type
          College of Aeronautical Engineering (CAE) College of Aeronautical Engineering (CAE) 04/03/2017   CAEN-832 04/05/2017 04/05/2017 Book
© 2023 Central Library, National University of Sciences and Technology. All Rights Reserved.